Migliori marcatori per posizione #5 - PORTOGALLO - Statistics

Statistiche generali
  • Questo quiz è stato fatto 26 volte
  • Il punteggio medio è 8 su 30
Statistiche sulle risposte
POS Posizione Giocatore % Corretto
P Punta Cristiano Ronaldo
100%
Pepe
78%
TD TerzinoDestro Joao Cancelo
57%
TRQ Trequartista Rui Costa
57%
Eusebio
52%
AD Ala Destra Luis Figo
52%
Bruno Fernandes
43%
Manuel Fernandes
35%
Bernardo Silva
30%
TS TerzinoSinistro Fabio Coentrao
30%
Pauleta
30%
William Carvalho
30%
Ricardo Quaresma
26%
AS Ala sinistra Nani
22%
Diogo Dalot
13%
Diogo Jota
13%
Fernando Couto
13%
Raphaël Guerreiro
13%
CC CentrocampistaCentrale Raúl Meireles
13%
Simao
13%
DC DifensoreCentrale Bruno Alves
9%
SP SecondaPunta João Pinto
9%
Sergio Conceicao
9%
Abel Xavier
4%
Mario Coluna
4%
Petit
4%
Alberto Fonseca
0%
Carlos Manuel
0%
Coelho
0%
MED Mediano Oceano
0%
Nessun quiz corrispondente trovato
Distribuzione punteggi
Percentuale di utenti per punteggio
Percentile per numero di risposta
I tuoi punteggi nel tempo
Non hai fatto questo quiz